000 00305nam a2200121Ia 4500
005 20251222155125.0
008 251222s9999||||xx |||||||||||||| ||spa||
082 _aMEQ.157
100 _aCICAT - SALUD.
245 0 _aInstrumentacióny esterilización en el Quirófano
264 _bNo tiene
942 _cLIB
999 _c38601
_d38601